Сборник примеров и задач по программированию: учебное пособие для вузов

Bibliographic Details
Main Author: Москвитина О. А. Ольга Александровна
Other Authors: Новичков О. А. Валентин Семенович, Пылькин А. Н. Александр Николаевич
Summary:Цель книги - помочь изучающим язык Турбо Паскаль 7.0 приобрести практические навыки разработки алгоритмов и программ с использованием принципов структурного программирования путем решения специально подобранных задач. В систематизированном виде приведены необходимые теоретические сведения и примеры решения типовых задач. По каждой теме приведены наборы заданий различной степени сложности. Для учащихся высших учебных заведений.
Language:Russian
Published: Москва, Горячая линия-Телеком, 2014
Edition:2-е изд., стер.
Series:Учебное пособие для высших учебных заведений
Специальность
Subjects:
Format: Book
KOHA link:https://koha.lib.tpu.ru/cgi-bin/koha/opac-detail.pl?biblionumber=263802

MARC

LEADER 00000nam0a2200000 4500
001 263802
005 20231101233755.0
010 |a 9785991204118 
035 |a (RuTPU)RU\TPU\book\286791 
090 |a 263802 
100 |a 20140611d2014 m y0rusy50 ca 
101 0 |a rus 
102 |a RU 
105 |a a j 001zy 
200 1 |a Сборник примеров и задач по программированию  |e учебное пособие для вузов  |f О. А. Москвитина, О. А. Новичков, А. Н. Пылькин 
205 |a 2-е изд., стер. 
210 |a Москва  |c Горячая линия-Телеком  |d 2014 
215 |a 244 с.  |c ил. 
225 1 |a Учебное пособие для высших учебных заведений 
225 1 |a Специальность 
320 |a Библиогр.: с. 241. 
330 |a Цель книги - помочь изучающим язык Турбо Паскаль 7.0 приобрести практические навыки разработки алгоритмов и программ с использованием принципов структурного программирования путем решения специально подобранных задач. В систематизированном виде приведены необходимые теоретические сведения и примеры решения типовых задач. По каждой теме приведены наборы заданий различной степени сложности. Для учащихся высших учебных заведений. 
606 1 |a Программирование  |2 stltpush  |3 (RuTPU)RU\TPU\subj\51780  |9 70345 
610 1 |a линейные алгоритмы 
610 1 |a условные операторы 
610 1 |a разветвляющиеся алгоритмы 
610 1 |a табулирование 
610 1 |a проектирование 
610 1 |a программы 
610 1 |a числовые данные 
610 1 |a числовые последовательности 
610 1 |a конечные суммы 
610 1 |a ввод-вывод 
610 1 |a одномерные массивы 
610 1 |a двумерные массивы 
610 1 |a вычисление 
610 1 |a итерационные циклы 
610 1 |a рекурсия 
610 1 |a файлы 
610 1 |a примеры 
610 1 |a задачи 
610 1 |a решения 
610 1 |a учебные пособия 
675 |a 004.42(076)  |v 3 
700 1 |a Москвитина  |b О. А.  |g Ольга Александровна 
701 1 |a Новичков  |b О. А.  |g Валентин Семенович 
701 1 |a Пылькин  |b А. Н.  |g Александр Николаевич 
801 1 |a RU  |b 63413507  |c 20140611 
801 2 |a RU  |b 63413507  |c 20150703  |g RCR 
900 |a Программирование для инженеров 
900 |a Языки программирования 
942 |c BK 
951 |b 230700  |l 8 
959 |a 103/20140610  |d 2  |e 297,00  |f ЧЗТЛ:1  |f АНЛ:1